UBT Library

Experimental organic chemistry : (Record no. 43711)

000 -LEADER
fixed length control field 01105cam a22002655i 4500
001 - CONTROL NUMBER
control field 19532321
005 - DATE AND TIME OF LATEST TRANSACTION
control field 20180228073703.0
008 - FIXED-LENGTH DATA ELEMENTS--GENERAL INFORMATION
fixed length control field 170301s2016 enka b 001 0 eng
010 ## - LIBRARY OF CONGRESS CONTROL NUMBER
LC control number 2017288130
020 ## - INTERNATIONAL STANDARD BOOK NUMBER
International Standard Book Number 9780128038932 (pbk.)
020 ## - INTERNATIONAL STANDARD BOOK NUMBER
International Standard Book Number 0128038934 (pbk.)
035 ## - SYSTEM CONTROL NUMBER
System control number (DLC)19532321
035 ## - SYSTEM CONTROL NUMBER
System control number (DLC)2017288130
040 ## - CATALOGING SOURCE
Original cataloging agency DLC
Language of cataloging eng
Transcribing agency DLC
Description conventions rda
041 ## - LANGUAGE CODE
Language code of text/sound track or separate title eng
042 ## - AUTHENTICATION CODE
Authentication code pcc
080 ## - UNIVERSAL DECIMAL CLASSIFICATION NUMBER
Universal Decimal Classification number 540
100 ## - Rafti
Rafti 11
101 ## - Shkurtesa
Shkurtesa kim
245 00 - TITLE STATEMENT
Title Experimental organic chemistry :
Statement of responsibility, etc Joaquín Isac-García (Universidad de Granada, Granada, Spain), José A. Dobado (Universidad de Granada, Granada, Spain), Francisco G. Calvo-Flores (Universidad de Granada, Granada, Spain), Henar Martínez-García (Universidad de Valladolid, Valladolid, Spain).
504 ## - BIBLIOGRAPHY, ETC. NOTE
Bibliography, etc Includes bibliographical references and index.
906 ## - LOCAL DATA ELEMENT F, LDF (RLIN)
a 0
b ibc
c origres
d 2
e ncip
f 20
g y-gencatlg
942 ## - ADDED ENTRY ELEMENTS (KOHA)
Source of classification or shelving scheme
Item type Books

No items available.

UBT Library © 2015-2024. All rights reserved University Education for Business and Technology